[Event "Titled Tuesday intern op 07th Dec"]
[Site "Chess.com INT"]
[Date "2021.12.07"]
[Round "11"]
[White "Sanchez, Roberto Daniel"]
[Black "Sokolin, Leonid M"]
[Result "0-1"]
[WhiteElo "1970"]
[BlackElo "2482"]
[PlyCount "68"]
[EventDate "2021.12.07"]
[EventType "swiss (blitz)"]
[EventRounds "11"]
[EventCountry "USA"]
[SourceTitle "CBM 205 Extra"]
[Source "ChessBase"]
[SourceDate "2022.01.31"]
[SourceVersion "1"]
[SourceVersionDate "2022.01.31"]
[SourceQuality "1"]

1. Nf3 Nf6 2. e3 c5 3. c4 g6 4. b3 Bg7 5. Bb2 0-0 6. Be2 Nc6 7. 0-0 d5 8. cxd5 Qxd5 9. Nc3 Qd6 10. Rc1 b6 11. d4 cxd4 12. Nb5 Qd7 13. Nbxd4 Nxd4 14. Qxd4 Qe6 15. Bc4 Qf5 16. Qh4 Bb7 17. Be2 Rac8 18. Nd4 Qe4 19. Qxe4 Bxe4 20. Ba6 Rxc1 21. Rxc1 e5 22. Nb5 Bd3 23. Bxe5 Ne4 24. Bxg7 Kxg7 25. f3 Nc5 26. Rc3 Rd8 27. Nxa7 Bxa6 28. b4 Rd1+ 29. Kf2 Nd3+ 30. Kg3 Nxb4 31. a3 Nd5 32. Rb3 Bc4 33. Rb2 Nxe3 34. Nc8 b5 0-1

[Event "Titled Tuesday intern op 07th Dec"]
[Site "Chess.com INT"]
[Date "2021.12.07"]
[Round "9"]
[White "Sokolin, Leonid M"]
[Black "Golubka, Petr"]
[Result "1/2-1/2"]
[WhiteElo "2482"]
[BlackElo "2408"]
[PlyCount "121"]
[EventDate "2021.12.07"]
[EventType "swiss (blitz)"]
[EventRounds "11"]
[EventCountry "USA"]
[SourceTitle "CBM 205 Extra"]
[Source "ChessBase"]
[SourceDate "2022.01.31"]
[SourceVersion "1"]
[SourceVersionDate "2022.01.31"]
[SourceQuality "1"]

1. e4 c5 2. Nf3 d6 3. Bb5+ Nd7 4. a4 a6 5. Be2 Ngf6 6. Nc3 e5 7. d3 Be7 8. Nd2 0-0 9. Nc4 Nb6 10. Ne3 Be6 11. a5 Nc8 12. g4 b5 13. g5 Ne8 14. h4 Nc7 15. Bg4 b4 16. Bxe6 fxe6 17. Ne2 Nb5 18. Nc4 Nca7 19. Be3 Nc6 20. Ng3 d5 21. Nb6 Rb8 22. Qg4 Ncd4 23. 0-0 Kh8 24. Bxd4 Nxd4 25. Kg2 Rf4 26. Qh3 Nxc2 27. Qxe6 Nxa1 28. Nxd5 Nc2 29. Nxe7 Nd4 30. Qxe5 Rxh4 31. Nef5 Nxf5 32. exf5 Qe8 33. Qxc5 Rc8 34. Qb6 Qe5 35. Qe6 Qc7 36. f6 Qb7+ 37. Ne4 gxf6 38. Qxf6+ Qg7 39. Kg3 Rh5 40. Qxg7+ Kxg7 41. f4 Rc2 42. Rf2 Rxf2 43. Nxf2 h6 44. Ne4 hxg5 45. fxg5 Rh1 46. Nc5 Rb1 47. b3 Kg6 48. Kf4 Rf1+ 49. Ke4 Rf5 50. d4 Kxg5 51. d5 Rf1 52. Nxa6 Ra1 53. Nxb4 Rxa5 54. Ke5 Rb5 55. Nc6 Rxb3 56. d6 Rb5+ 57. Ke6 Rb6 58. Kd5 Rb5+ 59. Ke6 Rb6 60. Kd5 Rb5+ 61. Ke6 1/2-1/2

[Event "Titled Tuesday intern op 07th Dec"]
[Site "Chess.com INT"]
[Date "2021.12.07"]
[Round "5"]
[White "Svane, Frederik"]
[Black "Sokolin, Leonid M"]
[Result "0-1"]
[WhiteElo "2493"]
[BlackElo "2482"]
[PlyCount "74"]
[EventDate "2021.12.07"]
[EventType "swiss (blitz)"]
[EventRounds "11"]
[EventCountry "USA"]
[SourceTitle "CBM 205 Extra"]
[Source "ChessBase"]
[SourceDate "2022.01.31"]
[SourceVersion "1"]
[SourceVersionDate "2022.01.31"]
[SourceQuality "1"]

1. e4 c5 2. Nc3 Nc6 3. Nf3 e5 4. Bc4 Be7 5. 0-0 d6 6. d3 Nf6 7. h3 Be6 8. Ng5 Bxc4 9. dxc4 0-0 10. Nf3 Nd4 11. Bg5 Nxe4 12. Nxe4 Nxf3+ 13. Qxf3 Bxg5 14. Rad1 Be7 15. Nc3 Qd7 16. Rfe1 Qe6 17. b3 Rab8 18. Nd5 Rfd8 19. Nf4 Qf6 20. Qe4 Bf8 21. Nd5 Qg6 22. Qe2 f5 23. a4 Rd7 24. Rd2 Re8 25. Red1 Rf7 26. Nc3 e4 27. Nb5 Re6 28. Nxa7 f4 29. Qg4 Qh6 30. Nb5 Rg6 31. Qc8 f3 32. g3 e3 33. fxe3 Qxe3+ 34. Kh2 f2 35. Rd3 Qe2 36. Kh1 f1Q+ 37. Rxf1 Qxf1+ 0-1

[Event "Titled Tuesday intern op 30th Nov"]
[Site "Chess.com INT"]
[Date "2021.11.30"]
[Round "9"]
[White "Baskin, Robert"]
[Black "Sokolin, Leonid M"]
[Result "1/2-1/2"]
[WhiteElo "2383"]
[BlackElo "2482"]
[PlyCount "109"]
[EventDate "2021.11.30"]
[EventType "swiss (blitz)"]
[EventRounds "11"]
[EventCountry "USA"]
[SourceTitle "CBM 205 Extra"]
[Source "ChessBase"]
[SourceDate "2022.01.31"]
[SourceVersion "1"]
[SourceVersionDate "2022.01.31"]
[SourceQuality "1"]

1. e4 c5 2. Nf3 Nc6 3. d4 cxd4 4. Nxd4 e5 5. Nb5 d6 6. N1c3 a6 7. Na3 Be6 8. Nc4 Rb8 9. Ne3 Nf6 10. Bd3 Nb4 11. Bc4 b5 12. Bxe6 fxe6 13. 0-0 Be7 14. a4 0-0 15. axb5 axb5 16. Ng4 Nd7 17. Ra7 Nc6 18. Ra6 Qc8 19. Ra1 Nd4 20. Be3 h5 21. Nh6+ gxh6 22. Qxh5 Rf6 23. Bxh6 Qe8 24. Qxe8+ Rxe8 25. Bg5 Rg6 26. Bxe7 Rxe7 27. Ra7 b4 28. Na4 Kf7 29. f3 Nxc2 30. Rc1 Ne3 31. Rcc7 Rxg2+ 32. Kh1 Rf2 33. h4 Rxf3 34. Rxd7 Rxd7 35. Rxd7+ Kf6 36. Rxd6 Rf1+ 37. Kh2 Rf2+ 38. Kg3 Rc2 39. Kf3 Nc4 40. Rd7 Nxb2 41. Nxb2 Rxb2 42. Rb7 Rb3+ 43. Kg4 Rb1 44. Kg3 b3 45. Kg2 Kg6 46. Rb6 Kh5 47. Rxe6 b2 48. Rxe5+ Kxh4 49. Rb5 Kg4 50. e5 Kf5 51. Kh2 Re1 52. Rxb2 Rxe5 53. Rf2+ Kg4 54. Kg2 Re3 55. Kh2 1/2-1/2

[Event "Titled Tuesday intern op 30th Nov"]
[Site "Chess.com INT"]
[Date "2021.11.30"]
[Round "8"]
[White "Sokolin, Leonid M"]
[Black "Djaparov, Medet"]
[Result "0-1"]
[WhiteElo "2482"]
[BlackElo "1667"]
[PlyCount "114"]
[EventDate "2021.11.30"]
[EventType "swiss (blitz)"]
[EventRounds "11"]
[EventCountry "USA"]
[SourceTitle "CBM 205 Extra"]
[Source "ChessBase"]
[SourceDate "2022.01.31"]
[SourceVersion "1"]
[SourceVersionDate "2022.01.31"]
[SourceQuality "1"]

1. e4 e5 2. Nf3 Nc6 3. Nc3 Nf6 4. Bb5 Nd4 5. Nxe5 Nxb5 6. Nxb5 d6 7. Nf3 Be7 8. Nc3 0-0 9. 0-0 c6 10. h3 d5 11. e5 Ne4 12. Re1 Nxc3 13. dxc3 f6 14. Bf4 fxe5 15. Bxe5 Bf5 16. Nd4 Qd7 17. Qh5 Bg6 18. Qg4 Qxg4 19. hxg4 Rf7 20. Re2 h5 21. gxh5 Bxh5 22. f3 Bg5 23. Ne6 Bh6 24. Rae1 Bg6 25. Kf2 Re8 26. Bd4 Rfe7 27. g4 Bf7 28. Nc7 Rxe2+ 29. Rxe2 Rxe2+ 30. Kxe2 b6 31. Be3 g5 32. Na6 d4 33. Nb4 dxe3 34. Nxc6 a5 35. Kxe3 Bxa2 36. b3 Bg7 37. Kd2 a4 38. bxa4 Kf7 39. Nb4 Bc4 40. Nd3 Ke7 41. Nf2 Bd5 42. Ne4 Bxe4 43. fxe4 Ke6 44. Kd3 Ke5 45. Kc4 Kxe4 46. Kb5 Bxc3 47. Kxb6 Kf4 48. a5 Kxg4 49. a6 Kf4 50. Kb7 Bd4 51. c4 g4 52. a7 Bxa7 53. Kxa7 g3 54. c5 g2 55. c6 g1Q+ 56. Kb7 Qb1+ 57. Kc7 Ke5 0-1

[Event "Titled Tuesday intern op 30th Nov"]
[Site "Chess.com INT"]
[Date "2021.11.30"]
[Round "6"]
[White "Sokolin, Leonid M"]
[Black "Lavrov, Maxim"]
[Result "0-1"]
[WhiteElo "2482"]
[BlackElo "2398"]
[PlyCount "88"]
[EventDate "2021.11.30"]
[EventType "swiss (blitz)"]
[EventRounds "11"]
[EventCountry "USA"]
[SourceTitle "CBM 205 Extra"]
[Source "ChessBase"]
[SourceDate "2022.01.31"]
[SourceVersion "1"]
[SourceVersionDate "2022.01.31"]
[SourceQuality "1"]

1. e4 e5 2. Nf3 Nc6 3. Nc3 Nf6 4. Bb5 d6 5. d4 exd4 6. Nxd4 Bd7 7. Bxc6 bxc6 8. 0-0 c5 9. Nde2 Be7 10. Ng3 0-0 11. h3 Re8 12. f4 Bf8 13. Qf3 Bc6 14. Rd1 Qb8 15. Nd5 Bxd5 16. exd5 g6 17. b3 Bg7 18. Bb2 c4 19. f5 Nd7 20. f6 Bh6 21. Re1 cxb3 22. axb3 Qb6+ 23. Kh2 Bd2 24. Re7 Ne5 25. Bxe5 dxe5 26. Ne4 Bh6 27. Rxe8+ Rxe8 28. Ra4 Qb7 29. c4 Qb8 30. Ra6 Qb7 31. Rc6 Rb8 32. Nc5 Qb4 33. h4 Qd2 34. Rxc7 Bf4+ 35. Kh3 e4 36. Nxe4 Qc1 37. g3 Bxc7 38. d6 Bb6 39. Ng5 Qe1 40. Qd5 Qf1+ 41. Kh2 Bg1+ 42. Kh1 Bf2+ 43. Kh2 Qg1+ 44. Kh3 Qxg3# 0-1